00596nam a2200193 a 4500001001300000003000900013005001700022008004100039020002300080082001600103100002300119245009000142260005000232300001000282500003500292505003100327650002100358700002300379nice12345678IN_TiNIC20260116014207.0130211s2012 newa grp 000 0 eng  a9781107038189c59500a922.97bSEV aSevea, Iqbal Singh aPolitical Philosophy of Muhammad Iqbalb Islam and Nationalism in Late Colonial India aNew Delhi bCambridge University Press c2012 a214p  aincludes index and biblioraphy2 aSelect Bibliography, Index aIqbal-Philosophy1 aSevea, Iqbal Singh